[Event "DEM U10/U10w 2013"]
[Site "Oberhof GER"]
[Date "2013.05.19"]
[Round "1"]
[White "Mücka, Cedric"]
[Black "Ruppert, Paula"]
[Result "1-0"]
[Termination "normal"]
[Board "25"]
[WhiteElo "1380"]
[BlackElo "989"]
[PlyCount "43"]
[WhiteFideId "16217640"]
[BlackFideId "12979996"]
[EventCountry "GER"]
[EventRounds "11"]
[EventType "swiss"]
[EventDate "2013.05.18"]

1. e4 d5 2. exd5 Qxd5 3. Nc3 Qa5 4. d4 Nf6 5. Nf3 Bg4 6. h3 Bh5 7. Bf4 Nc6 8.
d5 O-O-O 9. Bc4 Qb4 10. Qc1 Nxd5 11. Bxd5 Rxd5 12. a3 Qa5 13. b4 Qb6 14. Nxd5
Qb5 15. c4 Qa4 16. Nd2 e5 17. Nc3 Qa6 18. b5 Qb6 19. Be3 Bc5 20. Nd5 Qa5 21.
Bxc5 Nd4 22. Bb4 1-0

[Event "DEM U10/U10w 2013"]
[Site "Oberhof GER"]
[Date "2013.05.19"]
[Round "1"]
[White "Berelowitsch, Dana"]
[Black "Burian, Simon"]
[Result "1-0"]
[Termination "normal"]
[Board "26"]
[WhiteElo "981"]
[BlackElo "1370"]
[PlyCount "133"]
[WhiteFideId "12977144"]
[BlackFideId "12956902"]
[EventCountry "GER"]
[EventRounds "11"]
[EventType "swiss"]
[EventDate "2013.05.18"]

1. e4 c5 2. Nf3 Nc6 3. Nc3 e6 4. d4 cxd4 5. Nxd4 Nf6 6. Bg5 Qb6 7. Nb3 Bb4 8.
Bd3 d5 9. O-O Bxc3 10. bxc3 Nxe4 11. Bxe4 dxe4 12. Qe2 h6 13. Bh4 Bd7 14. Rfd1
Qc7 15. Nc5 g5 16. Bg3 Ne5 17. Bxe5 Qxe5 18. Nxd7 Qxc3 19. Qxe4 Rc8 20. Qxb7
Qxc2 21. Nf6+ Kf8 22. Qxa7 Kg7 23. Qd4 Rcd8 24. Ne8+ Kg6 25. Qf6+ Kh5 26. Ng7+
Kh4 27. Rd4+ Rxd4 28. Qxd4+ g4 29. g3+ Kh3 30. Nh5 Qf5 31. Nf4+ Qxf4 32. gxf4
Kh4 33. Kh1 Rc8 34. Rg1 Kh5 35. Qe5+ Kh4 36. f5 Kh5 37. f6+ Kh4 38. Qg3+ Kg5
39. Qxg4+ Kxf6 40. Qh4+ Ke5 41. Re1+ Kd5 42. Rd1+ Ke5 43. Qd4+ Kf5 44. Re1 Kg6
45. Rg1+ Kf5 46. Rg4 Rc1+ 47. Kg2 e5 48. Qe4+ Ke6 49. f4 f6 50. f5+ Kd6 51. Rg6
Kc5 52. Qe3+ Kd5 53. Qxc1 Ke4 54. Qe1+ Kxf5 55. Rg3 e4 56. Qe3 h5 57. a4 h4 58.
Rh3 Ke5 59. a5 f5 60. Rxh4 Kd5 61. a6 Kc6 62. a7 Kd5 63. a8=Q+ Ke5 64. Qa5+ Kf6
65. Qd4+ Kg5 66. Qad8+ Kg6 67. Q4f6# 1-0

[Event "DEM U10/U10w 2013"]
[Site "Oberhof GER"]
[Date "2013.05.19"]
[Round "1"]
[White "Helmer, Jan"]
[Black "Kurzweil, Naemi"]
[Result "1-0"]
[Termination "normal"]
[Board "27"]
[WhiteElo "1570"]
[BlackElo "980"]
[PlyCount "57"]
[WhiteFideId "12956686"]
[BlackFideId "12985708"]
[EventCountry "GER"]
[EventRounds "11"]
[EventType "swiss"]
[EventDate "2013.05.18"]

1. d4 d5 2. c4 dxc4 3. Nf3 Nf6 4. Nc3 Nc6 5. e4 Na5 6. Ne5 e6 7. Nxc4 Nxc4 8.
Bxc4 Bb4 9. Qa4+ c6 10. Qxb4 Qxd4 11. Be3 Qe5 12. Qc5 Qc7 13. O-O-O Nd7 14. Nb5
Qb8 15. Nd6+ Kf8 16. Qa3 Kg8 17. Nxc8 Qxc8 18. Qd6 Nb6 19. Bb3 Qe8 20. Rd2 h6
21. Rhd1 Kh7 22. Bc5 Rg8 23. Qe7 Qc8 24. Qxf7 Re8 25. Bc2 Kh8 26. e5 Nc4 27.
Qg6 Kg8 28. Qh7+ Kf7 29. Bg6# 1-0

[Event "DEM U10/U10w 2013"]
[Site "Oberhof GER"]
[Date "2013.05.19"]
[Round "1"]
[White "Hartmann, Katrin"]
[Black "Zimmer, Raphael"]
[Result "0-1"]
[Termination "normal"]
[Board "28"]
[WhiteElo "975"]
[BlackElo "1369"]
[PlyCount "80"]
[WhiteFideId "16200632"]
[BlackFideId "12978841"]
[EventCountry "GER"]
[EventRounds "11"]
[EventType "swiss"]
[EventDate "2013.05.18"]

1. d4 d5 2. Bf4 Bf5 3. Nf3 e6 4. Nc3 c5 5. Nb5 Qa5+ 6. Nc3 Nc6 7. e3 a6 8. Bd3
Bxd3 9. Qxd3 c4 10. Qd2 Nf6 11. O-O Bb4 12. Rfe1 Ne4 13. Qc1 Nxc3 14. bxc3 Bxc3
15. Rb1 Bxe1 16. Nxe1 b5 17. Rb2 Qa3 18. c3 a5 19. Qd2 b4 20. cxb4 axb4 21. Qe2
c3 22. Rc2 b3 23. axb3 Qxb3 24. Qd3 Ra1 25. Kf1 Nb4 26. Qb5+ Ke7 27. Qc5+ Kf6
28. Be5+ Kg6 29. h4 Nxc2 30. Kg1 Nxe1 31. Kh2 Nd3 32. Qe7 f6 33. Bg3 Qd1 34.
Kh3 Qh5 35. f4 Rh1+ 36. Bh2 Nf2+ 37. Kg3 Qg4+ 38. Kxf2 Rxh2 39. Qd7 Qxg2+ 40.
Ke1 Qh1# 0-1

[Event "DEM U10/U10w 2013"]
[Site "Oberhof GER"]
[Date "2013.05.19"]
[Round "1"]
[White "Bartelt, Max Peter"]
[Black "Glinzner, Alva"]
[Result "1-0"]
[Termination "normal"]
[Board "29"]
[WhiteElo "1356"]
[BlackElo "974"]
[PlyCount "143"]
[WhiteFideId "12967289"]
[BlackFideId "16206169"]
[EventCountry "GER"]
[EventRounds "11"]
[EventType "swiss"]
[EventDate "2013.05.18"]

1. d4 d5 2. Bf4 Bf5 3. e3 Nc6 4. Bd3 Bg6 5. Nf3 Nf6 6. Bb5 a6 7. Bxc6+ bxc6 8.
Ne5 Qb8 9. b3 Qb4+ 10. c3 Qb5 11. Nxg6 hxg6 12. Bxc7 Qb7 13. Bf4 Qc8 14. Nd2
Qf5 15. Nf1 g5 16. Ng3 Qg6 17. Be5 Nd7 18. Bc7 Rc8 19. Ba5 e6 20. Qe2 Bd6 21.
Qxa6 O-O 22. O-O f6 23. Qe2 Kf7 24. e4 Rh8 25. exd5 cxd5 26. Rfe1 Rce8 27. h3
f5 28. Qc2 Qh7 29. Qd3 g4 30. Ne2 e5 31. dxe5 Rxe5 32. Nd4 g6 33. Nc6 Rxe1+ 34.
Rxe1 Nf6 35. Qe3 Ne4 36. Qa7+ Kf6 37. Bd8+ Ke6 38. Qxh7 Rxh7 39. Nd4+ Kd7 40.
Ba5 gxh3 41. gxh3 Rxh3 42. Re3 Rh2 43. Bb4 Rh4 44. Bxd6 Kxd6 45. a4 f4 46. Rd3
Rg4+ 47. Kf1 Rh4 48. Nb5+ Kc6 49. Nd4+ Kb7 50. Nf3 Rh3 51. Kg2 Rh7 52. Rxd5
Nxc3 53. Rd6 Rg7 54. Nh4 g5 55. Nf5 Rg8 56. Rd7+ Kb6 57. Ne7 Kc5 58. Nxg8 Kc6
59. Rd4 Ne2 60. Rd2 Nc1 61. Rc2+ Kd5 62. Rxc1 Ke5 63. a5 Kf5 64. a6 g4 65. Nh6+
Kg5 66. Nf7+ Kg6 67. a7 Kxf7 68. Rc6 Ke7 69. a8=Q f3+ 70. Kg1 Kd7 71. Qb7+ Kd8
72. Rc8# 1-0

[Event "DEM U10/U10w 2013"]
[Site "Oberhof GER"]
[Date "2013.05.19"]
[Round "1"]
[White "Jaenecke, Maike"]
[Black "Wu, Leon"]
[Result "0-1"]
[Termination "normal"]
[Board "30"]
[WhiteElo "968"]
[BlackElo "1345"]
[PlyCount "118"]
[BlackFideId "12977438"]
[EventCountry "GER"]
[EventRounds "11"]
[EventType "swiss"]
[EventDate "2013.05.18"]

1. e4 e5 2. Nf3 Nc6 3. Nc3 Bc5 4. Bc4 Nf6 5. d3 h6 6. O-O d6 7. h3 O-O 8. a3
Be6 9. b4 Bd4 10. Bd2 Bxc4 11. dxc4 Qd7 12. b5 Na5 13. Rb1 Nxc4 14. Qc1 Nxd2
15. Qxd2 Bxc3 16. Qxc3 Nxe4 17. Qe3 Nf6 18. a4 e4 19. Nd2 d5 20. c3 Rad8 21.
Qxa7 b6 22. Ra1 Rb8 23. a5 Ra8 24. Qb7 Rfb8 25. Qc6 Qxc6 26. bxc6 Rxa5 27. Rab1
Rc5 28. Rbc1 Rxc6 29. Nb3 Ra8 30. Nd4 Rc4 31. Rfe1 c5 32. Ne2 Ra2 33. Ng3 Ra3
34. Ne2 b5 35. Ra1 b4 36. cxb4 cxb4 37. Rab1 b3 38. Rb2 Rb4 39. Rc1 Ra2 40.
Rc8+ Kh7 41. Rxa2 bxa2 42. Ra8 Rb1+ 43. Kh2 a1=Q 44. Rxa1 Rxa1 45. Nd4 Ra2 46.
Kg1 Ra1+ 47. Kh2 Rf1 48. Kg3 Nh5+ 49. Kh4 Rxf2 50. Kxh5 Rf4 51. g4 e3 52. Ne2
Rf2 53. Nd4 g5 54. h4 Rh2 55. Nf3 e2 56. Nxh2 e1=Q 57. Nf3 Qg3 58. Nxg5+ hxg5
59. hxg5 Qh3# 0-1

[Event "DEM U10/U10w 2013"]
[Site "Oberhof GER"]
[Date "2013.05.19"]
[Round "1"]
[White "Henning, Marvin"]
[Black "Indilewitsch, Marie-Claire"]
[Result "1-0"]
[Termination "normal"]
[Board "31"]
[WhiteElo "1342"]
[BlackElo "963"]
[PlyCount "63"]
[WhiteFideId "12957399"]
[EventCountry "GER"]
[EventRounds "11"]
[EventType "swiss"]
[EventDate "2013.05.18"]

1. d4 Nf6 2. Nf3 d5 3. g3 e6 4. Bg2 c6 5. O-O Nbd7 6. c4 Bd6 7. Nc3 O-O 8. Bg5
e5 9. c5 Be7 10. Nxe5 Nxe5 11. dxe5 Ng4 12. Bxe7 Qxe7 13. e4 dxe4 14. Nxe4 Qxe5
15. Nd6 Qh5 16. h3 Ne5 17. Qxh5 Ng6 18. Nxc8 Raxc8 19. Rae1 Rce8 20. Be4 Re5
21. Bxg6 Rxh5 22. Bxh5 g6 23. Bf3 f5 24. Re7 h5 25. Rxb7 f4 26. Re1 fxg3 27.
Re3 h4 28. fxg3 hxg3 29. Bxc6 a5 30. Ree7 Rd8 31. Bd5+ Kh8 32. Rh7# 1-0

[Event "DEM U10/U10w 2013"]
[Site "Oberhof GER"]
[Date "2013.05.19"]
[Round "1"]
[White "Rizo Wellmann, Darja"]
[Black "Bierfreund, Trine Maja"]
[Result "0-1"]
[Termination "normal"]
[Board "32"]
[WhiteElo "956"]
[BlackElo "1341"]
[PlyCount "32"]
[WhiteFideId "16218361"]
[BlackFideId "12957372"]
[EventCountry "GER"]
[EventRounds "11"]
[EventType "swiss"]
[EventDate "2013.05.18"]

1. e4 e5 2. Nf3 Nc6 3. Bc4 Nf6 4. d4 exd4 5. e5 Ne4 6. O-O Bc5 7. Re1 f5 8.
exf6 d5 9. fxg7 Rg8 10. Rxe4+ dxe4 11. Bxg8 Qe7 12. Bh6 Be6 13. Bxh7 exf3 14.
Qxf3 O-O-O 15. Qg3 Bg8 16. Bxg8 Qe1# 0-1

[Event "DEM U10/U10w 2013"]
[Site "Oberhof GER"]
[Date "2013.05.19"]
[Round "1"]
[White "Post, Hugo"]
[Black "Schmidtmann, Kimberly"]
[Result "1-0"]
[Termination "normal"]
[Board "33"]
[WhiteElo "1341"]
[BlackElo "950"]
[PlyCount "71"]
[WhiteFideId "12962490"]
[BlackFideId "12967106"]
[EventCountry "GER"]
[EventRounds "11"]
[EventType "swiss"]
[EventDate "2013.05.18"]

1. e4 e5 2. Nf3 Nc6 3. Bc4 Bc5 4. b4 Nxb4 5. c3 Nc6 6. d4 exd4 7. Qb3 Qe7 8.
O-O Nf6 9. Bg5 Na5 10. Qb5 Nxc4 11. Qxc4 d6 12. cxd4 Qxe4 13. Re1 Be6 14. Rxe4
Nxe4 15. Qe2 Bxd4 16. Nxd4 Nxg5 17. f4 c5 18. Nxe6 Nxe6 19. f5 O-O-O 20. fxe6
Rde8 21. Nc3 a6 22. e7 Kd7 23. Re1 h6 24. Qg4+ Kc6 25. Qxg7 Kd7 26. Qxf7 h5 27.
Nd5 h4 28. Nf6+ Kc6 29. Qxe8+ Rxe8 30. Nxe8 Kd7 31. Nf6+ Kc7 32. e8=Q Kb6 33.
Nd5+ Ka5 34. Re4 c4 35. Rxc4 b5 36. Qd8# 1-0

[Event "DEM U10/U10w 2013"]
[Site "Oberhof GER"]
[Date "2013.05.19"]
[Round "1"]
[White "Gabriel, Benjamin"]
[Black "Stirnberg, Noah"]
[Result "0-1"]
[Termination "normal"]
[Board "34"]
[WhiteElo "920"]
[BlackElo "1338"]
[PlyCount "172"]
[WhiteFideId "16226887"]
[BlackFideId "16207742"]
[EventCountry "GER"]
[EventRounds "11"]
[EventType "swiss"]
[EventDate "2013.05.18"]

1. d4 Nf6 2. c4 g6 3. Nf3 Bg7 4. e3 O-O 5. Be2 d6 6. O-O Re8 7. Nc3 Nbd7 8. b3
c5 9. Bb2 b6 10. d5 Bb7 11. a3 a6 12. b4 Qc7 13. Qd3 e5 14. e4 Rf8 15. Rac1 Ne8
16. Nd2 Bh6 17. f3 Qd8 18. Rcd1 Qg5 19. g3 Qe3+ 20. Qxe3 Bxe3+ 21. Kg2 f5 22.
exf5 gxf5 23. f4 Bd4 24. Rb1 Rf7 25. Na2 Bxb2 26. Rxb2 e4 27. Rb3 b5 28. cxb5
Bxd5 29. Rb2 e3+ 30. Kg1 exd2 31. Rxd2 Bxa2 32. Rxa2 Re7 33. bxa6 Nc7 34. Re1
Kg7 35. bxc5 Nxc5 36. Rd1 d5 37. Kg2 N5xa6 38. Bf3 Rd8 39. Rc2 Re3 40. Ra2 Nb5
41. Rxd5 Rxd5 42. Bxd5 Rxa3 43. Rxa3 Nxa3 44. h4 Nb4 45. Bf3 Nc4 46. g4 Ne3+
47. Kg3 Nd3 48. gxf5 Nxf5+ 49. Kg4 Kf6 50. Bd5 Ne3+ 51. Kf3 Nxd5 52. Ke4 N5xf4
53. Kf3 Kf5 54. Kg3 Ng6 55. Kh3 Nf2+ 56. Kg3 h5 57. Kxf2 Kg4 58. Kg2 Nxh4+ 59.
Kg1 Nf5 60. Kh2 h4 61. Kg2 Nd4 62. Kh1 Kh3 63. Kg1 Nc2 64. Kh1 Kg3 65. Kg1 h3
66. Kh1 Ne1 67. Kg1 Nf3+ 68. Kh1 Ng5 69. Kg1 Ne4 70. Kh1 Nf2+ 71. Kg1 h2+ 72.
Kf1 h1=Q+ 73. Ke2 Nd3 74. Kxd3 Qe1 75. Kd4 Qe2 76. Kd5 Qg4 77. Ke5 Qf4+ 78. Kd5
Kf3 79. Ke6 Qg5 80. Kd6 Ke4 81. Kc6 Qd5+ 82. Kb6 Kd4 83. Kc7 Kc5 84. Kb8 Qd7
85. Ka8 Kb6 86. Kb8 Qd8# 0-1

[Event "DEM U10/U10w 2013"]
[Site "Oberhof GER"]
[Date "2013.05.19"]
[Round "1"]
[White "Brückner, Alexander"]
[Black "Höfs, Cederik"]
[Result "1-0"]
[Termination "normal"]
[Board "35"]
[WhiteElo "1334"]
[BlackElo "915"]
[PlyCount "97"]
[WhiteFideId "12952613"]
[BlackFideId "16207653"]
[EventCountry "GER"]
[EventRounds "11"]
[EventType "swiss"]
[EventDate "2013.05.18"]

1. e4 e5 2. Nf3 Nc6 3. Bc4 Nf6 4. Ng5 d5 5. exd5 Na5 6. Bb5+ c6 7. dxc6 bxc6 8.
Be2 h6 9. Nf3 e4 10. Ne5 Bb7 11. Nc3 Bd6 12. d4 O-O 13. Bf4 Nd5 14. Nxd5 cxd5
15. Qd2 Nc4 16. Nxc4 Bxf4 17. Qxf4 dxc4 18. c3 Bd5 19. O-O Re8 20. Rfe1 Re6 21.
Bg4 Rf6 22. Qe5 Rg6 23. h3 Rg5 24. Qf4 h5 25. Bd1 g6 26. Bc2 Rf5 27. Qe3 Rf6
28. Re2 Re6 29. Rae1 Qe7 30. Qg3 Re8 31. Re3 h4 32. Qg4 f5 33. Qf4 g5 34. Qxf5
Bc6 35. d5 Rf6 36. Qxg5+ Kf8 37. dxc6 Kf7 38. Rxe4 Re6 39. Rxe6 Qxg5 40. Rxe8
Qc5 41. R1e7+ Kf6 42. c7 Qd5 43. c8=Q Qh5 44. Re6+ Kg7 45. Qd7+ Qf7 46. R6e7
Qxe7 47. Qxe7+ Kh6 48. Rg8 Kh5 49. Qh7# 1-0

[Event "DEM U10/U10w 2013"]
[Site "Oberhof GER"]
[Date "2013.05.19"]
[Round "1"]
[White "Astner, Sebastian"]
[Black "Bui, Julia"]
[Result "0-1"]
[Termination "normal"]
[Board "38"]
[WhiteElo "886"]
[BlackElo "1260"]
[PlyCount "84"]
[WhiteFideId "12979422"]
[BlackFideId "12977055"]
[EventCountry "GER"]
[EventRounds "11"]
[EventType "swiss"]
[EventDate "2013.05.18"]

1. e4 c5 2. f4 d6 3. Nc3 e6 4. Bc4 Nf6 5. Nf3 Qc7 6. d3 a6 7. a4 Nbd7 8. O-O
Nb6 9. Bb3 Be7 10. a5 Nbd7 11. Ba4 O-O 12. Bd2 b5 13. axb6 Nxb6 14. Bb3 Bb7 15.
Qe1 c4 16. dxc4 Nxc4 17. Bxc4 Qxc4 18. Ra4 Qc5+ 19. Kh1 Qh5 20. Rg1 Qc5 21. Be3
Qc7 22. Rb4 Rab8 23. Bb6 Qd7 24. e5 dxe5 25. Nxe5 Qc8 26. Rc4 Qe8 27. Rc7 Bd8
28. Rxb7 Rxb7 29. Bc5 Be7 30. Bxe7 Qxe7 31. b3 Nd7 32. Ng4 Rc8 33. Nd5 Qd6 34.
Qe2 Qxd5 35. Qxa6 h6 36. c4 Qc6 37. Qa2 Rcb8 38. Rb1 Qe4 39. h3 Qd3 40. Nf2 Qg3
41. Rd1 Qxf4 42. c5 Nxc5 0-1

[Event "DEM U10/U10w 2013"]
[Site "Oberhof GER"]
[Date "2013.05.19"]
[Round "1"]
[White "Pantsernaya, Sofya"]
[Black "Pahl, Erik"]
[Result "0-1"]
[Termination "normal"]
[Board "39"]
[WhiteElo "1253"]
[BlackElo "880"]
[PlyCount "52"]
[WhiteFideId "12993182"]
[BlackFideId "16201272"]
[EventCountry "GER"]
[EventRounds "11"]
[EventType "swiss"]
[EventDate "2013.05.18"]

1. e4 e5 2. Nf3 Nc6 3. Bc4 Nf6 4. d3 Be7 5. O-O d5 6. Bb5 dxe4 7. Nxe5 Bd7 8.
Nxd7 Qxd7 9. Nc3 a6 10. Bc4 b5 11. Bb3 exd3 12. cxd3 O-O 13. Bg5 Rad8 14. Bc2
Nb4 15. Re1 Rfe8 16. Re3 Nxc2 17. Qxc2 Bc5 18. Bxf6 gxf6 19. Rg3+ Kh8 20. Rh3
Re7 21. d4 f5 22. dxc5 Rde8 23. g3 Qc6 24. Rf1 Re1 25. Qxf5 Rxf1+ 26. Kxf1 Qh1#
0-1

[Event "DEM U10/U10w 2013"]
[Site "Oberhof GER"]
[Date "2013.05.19"]
[Round "1"]
[White "Sinnhöfer, Lilian"]
[Black "Grund, Sebastian"]
[Result "1-0"]
[Termination "normal"]
[Board "40"]
[WhiteElo "875"]
[BlackElo "1231"]
[PlyCount "151"]
[WhiteFideId "12977586"]
[BlackFideId "12988626"]
[EventCountry "GER"]
[EventRounds "11"]
[EventType "swiss"]
[EventDate "2013.05.18"]

1. e4 c5 2. Nf3 e6 3. d4 cxd4 4. Nxd4 Nc6 5. Nxc6 bxc6 6. Nc3 Bb7 7. Bc4 d5 8.
exd5 cxd5 9. Bd3 Ne7 10. Bg5 g6 11. Bf6 Rg8 12. Bb5+ Bc6 13. Bxc6+ Nxc6 14.
Bxd8 Nxd8 15. O-O Bg7 16. Nb5 Kd7 17. Nd4 Rb8 18. Rb1 Rb4 19. c3 Rb8 20. c4 Rb4
21. b3 Nb7 22. a3 Rb6 23. cxd5 Rd6 24. b4 Rxd5 25. Qa4+ Ke7 26. Qc6 Nd8 27.
Qc7+ Ke8 28. b5 Rxd4 29. b6 axb6 30. Rxb6 Rd7 31. Qc8 Ke7 32. a4 Bd4 33. Rb5
Re8 34. Rd1 Bxf2+ 35. Kxf2 Rxd1 36. a5 Ra1 37. a6 Kf8 38. Qa8 e5 39. a7 Nc6 40.
Qxc6 Rxa7 41. Qc5+ Rae7 42. Rb7 f5 43. Rxe7 Rxe7 44. Qc8+ Kg7 45. Qd8 Rf7 46.
Qd5 e4 47. Qe5+ Kh6 48. Qf4+ g5 49. Qd6+ Kg7 50. Qg3 h6 51. h4 f4 52. Qc3+ Rf6
53. Qc7+ Kg6 54. Qc2 Kf5 55. g3 Rd6 56. gxf4 gxf4 57. h5 Rd3 58. Ke2 Kg4 59.
Ke1 f3 60. Kf1 Kxh5 61. Ke1 Kg4 62. Kf1 h5 63. Qc8+ Kf4 64. Qf8+ Ke3 65. Qh6+
Kd4 66. Qxh5 Ke3 67. Qh6+ Kd4 68. Kf2 Rd2+ 69. Qxd2+ Ke5 70. Qc3+ Kf4 71. Qf6+
Kg4 72. Qe6+ Kf4 73. Qd6+ Kf5 74. Ke3 Kg4 75. Qf4+ Kh3 76. Qg5 1-0

[Event "DEM U10/U10w 2013"]
[Site "Oberhof GER"]
[Date "2013.05.19"]
[Round "1"]
[White "Wu, Luka"]
[Black "Svane, Freja"]
[Result "1-0"]
[Termination "normal"]
[Board "41"]
[WhiteElo "1217"]
[BlackElo "867"]
[PlyCount "43"]
[WhiteFideId "12977420"]
[BlackFideId "12940100"]
[EventCountry "GER"]
[EventRounds "11"]
[EventType "swiss"]
[EventDate "2013.05.18"]

1. e4 e6 2. d4 d5 3. e5 c5 4. c3 Nc6 5. Nf3 Qb6 6. a3 Nge7 7. b4 Qc7 8. bxc5
Nf5 9. Bb5 Bd7 10. Bf4 Be7 11. Nbd2 O-O 12. O-O Rac8 13. Qa4 a6 14. Bxc6 Bxc6
15. Qc2 Nh4 16. Bg5 Nxf3+ 17. Nxf3 f6 18. Bf4 b5 19. Qd2 Kh8 20. exf6 Qd7 21.
fxe7 Qxe7 22. Bd6 1-0

[Event "DEM U10/U10w 2013"]
[Site "Oberhof GER"]
[Date "2013.05.19"]
[Round "1"]
[White "Koll, Linus"]
[Black "Richter, Merlin"]
[Result "0-1"]
[Termination "normal"]
[Board "43"]
[WhiteElo "1208"]
[BlackElo "791"]
[PlyCount "74"]
[WhiteFideId "12990299"]
[EventCountry "GER"]
[EventRounds "11"]
[EventType "swiss"]
[EventDate "2013.05.18"]

1. e4 e5 2. Bc4 Nf6 3. Nc3 Nxe4 4. Nxe4 d5 5. Qh5 dxc4 6. Qxe5+ Qe7 7. Qxe7+
Bxe7 8. d3 cxd3 9. cxd3 Bg4 10. Bf4 Bb4+ 11. Nc3 c5 12. a3 Ba5 13. f3 Bf5 14.
O-O-O O-O 15. Bd6 Rd8 16. Nd5 Nc6 17. Ne7+ Nxe7 18. Bxe7 Rxd3 19. g4 Bg6 20. b4
cxb4 21. axb4 Rc8+ 22. Bc5 Bxb4 23. Rxd3 Rxc5+ 24. Kb2 Bxd3 25. Nh3 a5 26. Rd1
Rc3 27. Nf4 a4 28. Nxd3 a3+ 29. Ka2 Rc2+ 30. Kb1 Rc4 31. Nxb4 Rxb4+ 32. Ka2 g6
33. Kxa3 Rf4 34. Rd3 Kg7 35. h4 h5 36. gxh5 gxh5 37. Rd7 Rxf3+ 0-1

[Event "DEM U10/U10w 2013"]
[Site "Oberhof GER"]
[Date "2013.05.19"]
[Round "1"]
[White "Truong, Lisa"]
[Black "Richardt, Josia"]
[Result "1/2-1/2"]
[Termination "normal"]
[Board "44"]
[WhiteElo "793"]
[BlackElo "1205"]
[PlyCount "135"]
[WhiteFideId "12983462"]
[BlackFideId "16217594"]
[EventCountry "GER"]
[EventRounds "11"]
[EventType "swiss"]
[EventDate "2013.05.18"]

1. e4 g6 2. d4 d6 3. Nf3 Bg7 4. Nc3 e6 5. Bc4 Ne7 6. O-O b6 7. Re1 Bb7 8. e5 d5
9. Bb5+ c6 10. Bd3 Nd7 11. Bg5 h6 12. Bf4 b5 13. a3 a6 14. Qd2 Nb6 15. b3 Qd7
16. Ne2 g5 17. Bg3 Nec8 18. Rac1 Qe7 19. Ra1 Kd7 20. c3 Rg8 21. Nc1 Bf8 22. b4
h5 23. h3 g4 24. hxg4 hxg4 25. Nh2 Qg5 26. Qxg5 Rxg5 27. Bf4 Rg8 28. f3 gxf3
29. Nxf3 Ne7 30. Kf2 Ng6 31. Bxg6 Rxg6 32. Rh1 Be7 33. Nd3 Rag8 34. Rag1 Nc4
35. Bc1 a5 36. Nd2 Nxd2 37. Bxd2 a4 38. Rh7 Ke8 39. Nf4 Rg4 40. Kf1 Bg5 41. g3
Bxf4 42. Bxf4 Bc8 43. Rh4 R4g6 44. Kf2 Ke7 45. Rgh1 Bd7 46. Rh8 Kf8 47. Rxg8+
Kxg8 48. Kf3 Kg7 49. Rh4 f6 50. Rg4 Be8 51. Rxg6+ Kxg6 52. exf6 Kxf6 53. Be5+
Kf5 54. g4+ Kg5 55. Kg3 Bg6 56. Bf4+ Kf6 57. Kh4 Bf7 58. Bg5+ Kg6 59. Be7 Kh6
60. g5+ Kg6 61. Kg4 Bg8 62. Kf4 Bh7 63. Ke5 Kf7 64. Kd6 Bf5 65. Bf6 Bd3 66.
Kxc6 Kg6 67. Kd6 Kf7 68. Kd7 1/2-1/2

[Event "DEM U10/U10w 2013"]
[Site "Oberhof GER"]
[Date "2013.05.19"]
[Round "1"]
[White "Hommel, Niclas"]
[Black "Müller, Marvin"]
[Result "1-0"]
[Termination "normal"]
[Board "45"]
[WhiteElo "1197"]
[BlackElo "774"]
[PlyCount "87"]
[WhiteFideId "12974927"]
[BlackFideId "16214528"]
[EventCountry "GER"]
[EventRounds "11"]
[EventType "swiss"]
[EventDate "2013.05.18"]

1. e4 e5 2. Nf3 Nf6 3. Nxe5 d6 4. Nf3 Nxe4 5. d3 Nf6 6. Be2 Nc6 7. Nc3 Be7 8.
Be3 d5 9. d4 Bd7 10. O-O O-O 11. Bg5 b6 12. Bxf6 Bxf6 13. Nxd5 Bg4 14. Nxf6+
Qxf6 15. c3 Rfe8 16. h3 Bh5 17. Qd3 Bg6 18. Qd2 Rad8 19. Bb5 Re7 20. Bxc6 Qxc6
21. Rfe1 Red7 22. Ne5 Qd6 23. Nxd7 Qxd7 24. Qe3 h6 25. Qe7 Qxe7 26. Rxe7 Rc8
27. Rae1 f6 28. Kh2 a5 29. Kg3 c6 30. Rb7 b5 31. Ree7 Kf8 32. Rxg7 Bh5 33. Rh7
Kg8 34. Rxh6 Bf7 35. a3 a4 36. Rxf6 Be8 37. Rh6 Bf7 38. Rh4 Rd8 39. Rg4+ Kf8
40. Rf4 Ke8 41. Rfxf7 Rd6 42. Rh7 Rg6+ 43. Kh4 Rf6 44. Rb8# 1-0

[Event "DEM U10/U10w 2013"]
[Site "Oberhof GER"]
[Date "2013.05.24"]
[Round "9"]
[White "Keymer, Vincent"]
[Black "Graf, Justus Felix"]
[Result "1-0"]
[Termination "normal"]
[Board "1"]
[WhiteElo "1861"]
[BlackElo "1489"]
[PlyCount "137"]
[WhiteFideId "12940690"]
[BlackFideId "12929212"]
[EventCountry "GER"]
[EventRounds "11"]
[EventType "swiss"]
[EventDate "2013.05.18"]

1. d4 Nf6 2. c4 g6 3. Nc3 Bg7 4. e4 d6 5. f3 O-O 6. Be3 Nc6 7. Qd2 a6 8. O-O-O
b5 9. cxb5 axb5 10. Bxb5 Na5 11. d5 Bd7 12. Bd3 c6 13. dxc6 Nxc6 14. Kb1 Be6
15. Nge2 Nb4 16. a3 Nxd3 17. Qxd3 Qc7 18. Nd4 Bc4 19. Qc2 Qb7 20. a4 Rfb8 21.
Ndb5 Nd7 22. Bd4 Nc5 23. Bxc5 dxc5 24. b3 Bxb3 25. Qxb3 Bxc3 26. Kc2 Bf6 27.
Qc4 Ra6 28. Rd3 Rba8 29. Ra3 Ra5 30. Rb1 Qb8 31. g3 Qc8 32. Rd1 Qa6 33. Kb3 Qc6
34. Rd5 Rc8 35. Ra2 e6 36. Rd1 Kf8 37. Rc2 Be7 38. Qc3 Rxb5+ 39. Ka2 Kg8 40.
axb5 Ra8+ 41. Kb1 Qxb5+ 42. Rb2 Ra1+ 43. Kxa1 Qa4+ 44. Kb1 Qxd1+ 45. Ka2 Qa4+
46. Qa3 Qc4+ 47. Rb3 Qe2+ 48. Qb2 Qa6+ 49. Kb1 Qf1+ 50. Qc1 Qxc1+ 51. Kxc1 Bf6
52. Kc2 Bd4 53. f4 e5 54. Kd3 Kg7 55. Kc4 exf4 56. gxf4 h5 57. e5 Bg1 58. h3
Kf8 59. Kd5 Kg7 60. Rb7 Kg8 61. Kd6 Bf2 62. Rc7 h4 63. Ke7 Kg7 64. Rc8 Bd4 65.
Rf8 c4 66. Rxf7+ Kh6 67. Kf6 Bb6 68. Rf8 Kh7 69. Rc8 1-0

[Event "DEM U10/U10w 2013"]
[Site "Oberhof GER"]
[Date "2013.05.24"]
[Round "9"]
[White "Wu, Luka"]
[Black "Tong, Kevin"]
[Result "0-1"]
[Termination "normal"]
[Board "2"]
[WhiteElo "1217"]
[BlackElo "1637"]
[PlyCount "56"]
[WhiteFideId "12977420"]
[BlackFideId "12913944"]
[EventCountry "GER"]
[EventRounds "11"]
[EventType "swiss"]
[EventDate "2013.05.18"]

1. e4 e6 2. d4 d5 3. exd5 exd5 4. Bd3 Nc6 5. c3 Bd6 6. Nf3 Nge7 7. O-O Bg4 8.
Be3 Qd7 9. Nbd2 f6 10. b4 g5 11. Qc2 Bf5 12. Bxf5 Nxf5 13. Rfe1 O-O-O 14. a4 g4
15. b5 Na5 16. Ne5 fxe5 17. dxe5 Nxe3 18. Rxe3 Bc5 19. e6 Qd6 20. Re2 Qf4 21.
e7 Rde8 22. Rae1 Qf7 23. Nb3 Nxb3 24. Qxb3 Rxe7 25. Qd1 Rhe8 26. Qd2 Qxf2+ 27.
Kh1 Rxe2 28. Rxe2 Qg1# 0-1

[Event "DEM U10/U10w 2013"]
[Site "Oberhof GER"]
[Date "2013.05.24"]
[Round "9"]
[White "Kopylov, Daniel"]
[Black "Suvorov, Luca"]
[Result "1-0"]
[Termination "normal"]
[Board "3"]
[WhiteElo "1628"]
[BlackElo "1551"]
[PlyCount "50"]
[WhiteFideId "12921971"]
[BlackFideId "12977071"]
[EventCountry "GER"]
[EventRounds "11"]
[EventType "swiss"]
[EventDate "2013.05.18"]

1. e4 d6 2. d4 Nf6 3. Nc3 c6 4. Be3 g6 5. f3 Bg7 6. Qd2 Nbd7 7. O-O-O b6 8. Bh6
O-O 9. h4 c5 10. Bxg7 Kxg7 11. e5 Ne8 12. h5 Rh8 13. hxg6 hxg6 14. Rxh8 Kxh8
15. Qh6+ Kg8 16. Bc4 Ng7 17. Nge2 Qf8 18. Rh1 Nh5 19. Qxg6+ Qg7 20. Qxh5 dxe5
21. Bxf7+ Kf8 22. Bd5 Nf6 23. Qxe5 Nxd5 24. Qxd5 Rb8 25. Qe4 cxd4 1-0